000 00629nam a2200193 i 4500
001 29174
003 ES-MaACL
005 20230906154002.0
007 t|
008 030121s1911 fr ||||1| fre d
100 1 _aBardier, E.
_925589
245 1 4 _aLes fonctions digestives /
_cpar E. Bardier.
260 _aParis :
_bOctave Dion et Fils,
_c1911 (
_fImpriméries Rèunis)
300 _aXII, 438 p. :
_bil. ;
_c18 cm.
490 1 _aEncyclopédie scientifique. Bibliothèque de physiologie
830 0 _aEncyclopédie scientifique. Bibliothèque de physiologie
_9181781
852 _aES-MaACL
_jD-4312
999 _c29174
_d29174